| 000 | 00554nam a2200193Ia 4500 | ||
|---|---|---|---|
| 005 | 20250326144736.0 | ||
| 008 | 250326s9999 xx 000 0 und d | ||
| 020 | _a81-259-0553-7 | ||
| 037 | _aTextbook | ||
| 040 |
_aFMSL _beng _cFMSL |
||
| 041 |
_aeng _2eng |
||
| 084 |
_aX:8F N7 _qFMSL |
||
| 100 | _aBhattacharyya S.k. | ||
| 245 | 0 |
_aAccounting for management _cBhattacharyya S.k.; Dearden John |
|
| 260 |
_aNew Delhi _bNew Delhi, Vikas Publishing House _c2007 |
||
| 300 | _a420p | ||
| 942 |
_cTB _hX:8F N7 |
||
| 999 |
_c1304842 _d1304842 |
||